000 00534nam a2200193 i 4500
001 147448
003 ES-MaACL
005 20240222063054.0
007 t|
008 071001s1966 sp ||||1| spa d
080 _a86-311.2"19"
100 1 _aUmbral, Francisco,
_d1932-2007
_9111971
245 1 0 _aTravesía de Madrid /
_cFrancisco Umbral.
250 _a[1ª ed.].
260 _aMadrid, etc. :
_bAlfaguara,
_c[1966]
300 _a309 p. ;
_c21 cm.
852 _aES-MaACL
_jC-30768
_bR.60689
999 _c147448
_d147448